| 000 | 00510pab a2200181 454500 | ||
|---|---|---|---|
| 008 | 180718b2003 xxu||||| |||| 00| 0 eng d | ||
| 100 | _aSemetko, Holli A. | ||
| 245 | _aThe influence of political events on attitudes towards the European Union | ||
| 260 | _c2003 | ||
| 300 | _ap.621-34. | ||
| 362 | _aOct | ||
| 650 | _aPolitical behaviour | ||
| 650 | _aEuropean Union | ||
| 700 | _aValkenburg, Patti M. | ||
| 700 | _aBrug, Wouter Van | ||
| 773 | _aBritish Journal of Political Science | ||
| 909 | _a58683 | ||
| 999 |
_c58683 _d58683 |
||